“土菜馆”地点数量≥400的地级行政区 Prefectures with ≥400 "Tucaiguan" sites - Statistics

General Stats
  • This quiz has been taken 37 times
  • The average score is 16 of 31
Answer Stats
地级行政区 数量 % Correct
上海 571
94%
深圳 482
94%
广州 456
94%
南京 945
90%
武汉 622
90%
杭州 1532
87%
长沙 775
84%
苏州 542
84%
合肥 2016
74%
芜湖 645
58%
东莞 417
58%
赣州 534
52%
安庆 990
48%
九江 423
48%
滁州 680
45%
岳阳 572
45%
池州 544
42%
阜阳 490
42%
嘉兴 632
39%
宣城 584
39%
黄冈 441
39%
金华 1177
35%
六安 1188
32%
衡阳 625
32%
上饶 612
32%
常德 585
32%
郴州 523
32%
黄石 527
26%
湖州 517
26%
盐城 510
19%
鹰潭 465
16%
No matching quizzes found
Score Distribution
Percent of People with Each Score
Percentile by Number Answered
Your Score History
You have not taken this quiz